دراسات في المحاسبة المالية (Record no. 33233)
[ view plain ]
| 000 -LEADER | |
|---|---|
| fixed length control field | 00753nam a22002057a 4500 |
| 003 - CONTROL NUMBER IDENTIFIER | |
| control field | JO-AjAnu |
| 005 - DATE AND TIME OF LATEST TRANSACTION | |
| control field | 20231203090052.0 |
| 008 - FIXED-LENGTH DATA ELEMENTS--GENERAL INFORMATION | |
| fixed length control field | 231203b jo ||||| |||| 00| 0 ara d |
| 040 ## - CATALOGING SOURCE | |
| Original cataloging agency | JO-AjAnu |
| Language of cataloging | ARA |
| Transcribing agency | JO-AjAnu |
| 041 ## - LANGUAGE CODE | |
| Language code of text/sound track or separate title | ARA |
| 050 ## - LIBRARY OF CONGRESS CALL NUMBER | |
| Classification number | HF5689 |
| -- | S22 |
| -- | 1994 |
| 100 #1 - MAIN ENTRY--PERSONAL NAME | |
| Personal name | سعادة، يوسف |
| 9 (RLIN) | 30822 |
| Relator term | مؤلف |
| 245 01 - TITLE STATEMENT | |
| Title | دراسات في المحاسبة المالية |
| Statement of responsibility, etc. | يوسف سعادة، عبدالكريم زواتي |
| 250 ## - EDITION STATEMENT | |
| Edition statement | الطبعة الاولى |
| 260 ## - PUBLICATION, DISTRIBUTION, ETC. | |
| Place of publication, distribution, etc. | عمان : |
| Name of publisher, distributor, etc. | دار الفكر لنشر والتوزيع، |
| Date of publication, distribution, etc. | 1994 |
| 300 ## - PHYSICAL DESCRIPTION | |
| Extent | 395صفحة |
| 650 70 - SUBJECT ADDED ENTRY--TOPICAL TERM | |
| Topical term or geographic name entry element | المحاسبة المالية - دراسات |
| 9 (RLIN) | 64602 |
| 700 #1 - ADDED ENTRY--PERSONAL NAME | |
| Personal name | زواتي، عبد الكريم |
| 9 (RLIN) | 64603 |
| Relator term | مؤلف مشارك |
| 942 ## - ADDED ENTRY ELEMENTS (KOHA) | |
| Source of classification or shelving scheme | Library of Congress Classification |
| Koha item type | Books |
| Suppress in OPAC | No |
No items available.